Nachfrage- und Angebotswirkungen des Wohngeldes teoretische Analyse und empirische Überprüfung

Enregistré dans:
Détails bibliographiques
Auteur principal: Nolte, Roland
Autres auteurs: Voss, Oliver, Michels, Winfried
Format: Livre
Langue:allemand
Publié: Münster Institut für Siedlungs- und Wohnungswesen 1997
Collection:Beiträge zum Siedlungs- und Wohnungswesen und zur Raumplanung. Band 178
Sujets:
Tags: Ajouter un tag
Pas de tags, Soyez le premier à ajouter un tag!

MARC

LEADER 00000nam a2200000 4500
001 c142949
005 20221124073723.1
020 |a 3-88497-145-X 
041 0 |a ger 
044 |a DE 
245 1 0 |a Nachfrage- und Angebotswirkungen des Wohngeldes  |b teoretische Analyse und empirische Überprüfung  |c Roland Nolte / Oliver Voss unter Mitarbeit von Winfried Michels 
264 1 |a Münster  |b Institut für Siedlungs- und Wohnungswesen  |c 1997 
300 |a 216 s. 
490 1 |a Beiträge zum Siedlungs- und Wohnungswesen und zur Raumplanung.  |v Band 178 
830 0 |a Beiträge zum Siedlungs- und Wohnungswesen und zur Raumplanung.  |v Band 178 
610 2 0 |a politika bytová 
610 2 0 |a bývanie 
610 2 0 |a trh 
610 2 0 |a modely 
610 2 0 |a dopyt 
610 2 0 |a ponuka 
610 2 0 |a peniaze 
610 2 0 |a úver 
610 2 0 |a financovanie 
610 2 0 |a výstavba bytová 
610 2 0 |a politika sociálna 
610 2 0 |a investície 
610 2 0 |a Nemecko 
100 1 |a Nolte, Roland 
700 1 |a Voss, Oliver 
700 1 |a Michels, Winfried